LEADER 00929nam a2200253 i 4500 001 991002060239707536 005 20020503160711.0 008 970408s1984 it ||| | ita 035 $ab10311099-39ule_inst 035 $aEXGIL96859$9ExL 040 $aDip.to Filol. Ling. e Lett.$bita 082 0 $a133.44 100 1 $aBellucci, Giuseppe$072048 245 13$aUn capitolo di psicologia popolare :$bgli amuleti /$cGiuseppe Bellucci 260 $aSala Bolognese :$bA. Forni,$cstampa 1984 300 $a64 p. :$bill. ;$c21 cm. 500 $aRiprod. facs. dell'ed. di Perugia, 1908 650 4$aAmuleti 907 $a.b10311099$b21-09-06$c27-06-02 912 $a991002060239707536 945 $aLE008 FL.M. SCL A 82$g1$iLE008N-11661$lle008$o-$pE0.00$q-$rn$sm $t0$u0$v0$w0$x0$y.i1036691x$z27-06-02 996 $aCapitolo di psicologia popolare$9201484 997 $aUNISALENTO 998 $ale008$b01-01-97$cm$da $e-$fita$git $h3$i1 LEADER 00592nam 2200169z- 450 001 9910693884503321 035 $a(CKB)4970000000030592 035 $a(EXLCZ)994970000000030592 100 $a20240129c2001uuuu -u- - 101 0 $aeng 200 10$aFinancial management : annual costs of Forest Service's timber sales program are not determinable 210 $aWashington, DC 517 $aFinancial Management 906 $aDOCUMENT 912 $a9910693884503321 996 $aFinancial management : annual costs of Forest Service's timber sales program are not determinable$93874577 997 $aUNINA